000 00606nam a2200193Ii 4500
003 JO-AjNU
008 230605s9999||||xx |||||||||||||| ||und||
040 _aJO-AjNU
_bara
_erda
_cJO-AjNU
041 _aara
050 1 4 _aBP144.A2646 1900
100 3 _aأبو زهرة، محمد,
_eauthor
_917336
245 0 0 _aالولاية على النفس
264 3 1 _aد.م: د.ن، د.ت
300 _a183ص
336 _atext
_btxt
_2rdacontent
337 _aunmediated
_bn
_2rdamedia
338 _avolume
_bnc
_2rdacarrier
650 4 _aالولاية- فقه اسلامي- الولاية على النفس
_917337
999 _aA5333
_c8901
_d8901